| 000 | 00442pab a2200157 454500 | ||
|---|---|---|---|
| 008 | 180718b1995 xxu||||| |||| 00| 0 eng d | ||
| 100 | _aNagaraj, N. | ||
| 245 |
_aLow yielding irrigation wells in Peninsular India _ban economic analysis. |
||
| 260 | _c1995 | ||
| 300 | _ap.47-58 | ||
| 362 | _aJan-Mar | ||
| 650 | _aIrrigation - India | ||
| 700 | _aChandrakenth, M.G. | ||
| 773 | _aIndian Journal of Agricultural Economics | ||
| 909 | _a28631 | ||
| 999 |
_c28631 _d28631 |
||